000 00692cam9a220021700 4500
001 tmp15280046
003 UPRA
005 20190815103741.0
008 950727s1973 is eng u
035 _a(Sirsi) r76882
035 _a(UPRA)tmp15280046
040 _cUPRA
245 0 0 _aEconomy.
260 _a[Jerusalem] :
_bKeter Books,
_c[1973]
440 0 _aIsrael pocket library
_6S5994.1
500 _aCompiled from material originally published in the Encyclopaedia Judaica.
504 _aBibliography: p. 295-297.
651 0 _aIsrael -- Economic conditions.
_xIsrael -- Economic conditions.
_6S29037.1
949 _aHC497
_wlcc
_i33729005196451
_mMAIN
_tBOOK
_lON-SHELF
004 76882
999 _c66109
_d66109